Comédies

Gorde:
Xehetasun bibliografikoak
Egile nagusia: Plauto (Egilea)
Formatua: Liburua
Hizkuntza:frantsesa
latina
Argitaratua: París Les Belles Lettres 1964
Edizioa:4a. ed
Saila:Collection des Universités de France
Gaiak:
Etiketak: Etiketa erantsi
Etiketarik gabe, Izan zaitez lehena erregistro honi etiketa jartzen!

MARC

LEADER 00000nam a2200000 a 4500
001 UCM7063
003 CL-VaPUC
008 021129e19640000FR |||||||||||||||||fre|d
041 0 7 |a fre  |2 CL-VaPUC 
041 0 7 |a lat  |2 CL-VaPUC 
082 0 4 |a 872  |b PLA  |2 21 
100 0 |a Plauto  |e author  |9 472791 
245 1 0 |a Comédies 
250 |a 4a. ed 
300 |a v 
942 |c BK 
945 |d 20021129 00:00:00  |a cmena 
260 |a París  |b Les Belles Lettres  |c 1964 
500 |a v.2: Bacchides - Captivi - Casina 
650 7 |a COMEDIAS LATINAS  |2 CL-VaPUC  |9 265079 
650 0 |a Literatura latina   |9 258055 
583 |a last modification  |c 20021129 00:00:00  |k Rodrigo Vera 
490 0 |a Collection des Universités de France 
999 |c 302098  |d 302096 
952 |0 0  |1 0  |4 0  |6 872_000000000000000_PLA_1964  |7 0  |8 DER_ROM  |9 362134  |a BIBDER  |b BIBDER  |d 2019-11-21  |h v.2  |i 3864804  |o 872 PLA 1964  |p 3864804  |r 2023-01-25  |w 2019-11-21  |x Ubicación 4to piso  |y BK  |z Este recurso debe solicitarse con anticipación  |k DER